Cricket: Highest Team Totals in T20i History - Statistics

General Stats
  • This quiz has been taken 11 times
    6 since last reset
  • The average score is 11 of 20
Answer Stats
Year Opposition Score Answer % Correct
2019 Ireland 278/3 Afghanistan
83%
2017 Sri Lanka 260/5 India
83%
2016 Sri Lanka 263/3 Australia
67%
2016 West Indies 244/4 India
67%
2007 Kenya 260/6 Sri Lanka
67%
2016 India 245/6 West Indies
67%
2017 Ireland 233/8 Afghanistan
50%
2013 England 248/6 Australia
50%
2018 New Zealand 245/5 Australia
50%
2019 Sri Lanka 233/2 Australia
50%
2019 New Zealand 241/3 England
50%
2019 West Indies 240/3 India
50%
2018 West Indies 243/5 New Zealand
50%
2018 Australia 243/6 New Zealand
50%
2020 West Indies 238/3 New Zealand
50%
2021 England 232/6 Pakistan
50%
2019 Netherlands 252/3 Scotland
50%
2009 England 241/6 South Africa
50%
2015 South Africa 236/6 West Indies
50%
2015 West Indies 231/7 South Africa
33%
No matching quizzes found
Score Distribution
Percent of People with Each Score
Percentile by Number Answered
Your Score History
You have not taken this quiz since the last reset